000 00409nam a2200169Ia 4500
001 5450
003 IN-NITTTR
005 20251114233009.0
008 251113s9999||||xx |||||||||||||| ||eng||
040 _beng
040 _cIN-NITTTR
041 _aeng
082 _a621 O4M
100 _aOxley, A
245 0 _aMechanical engineering science :
_b for part one technicians course /
_cOxley, A
942 _2ddc
_cBK
999 _c8086
_d8086